| 000 | 00714nam a2200229 4500 | ||
|---|---|---|---|
| 001 | 125683 | ||
| 003 | ES-MaACL | ||
| 005 | 20250812085823.0 | ||
| 007 | t| | ||
| 008 | 070214s1967 sp r ||||1| spa d | ||
| 080 | _a248.1 | ||
| 100 | 1 |
_aRegamey, Pie-Raymond. _995870 |
|
| 245 | 1 | 0 |
_aRetrato espiritual del cristiano / _cP.-R. Regamey ; traducción a cargo del Monasterio de Religiosas de San Benito. |
| 250 | _a1ª ed. | ||
| 260 |
_aBarcelona : _bEstela, _c1967. |
||
| 300 |
_a510 p. ; _c20 cm. |
||
| 490 | 1 |
_aEspiritualidad ; _v25 |
|
| 650 | 7 |
_aVida espiritual- _xCristianismo _2 _9158575 |
|
| 830 | 1 |
_aEspiritualidad ; _v25 _9182730 |
|
| 852 |
_aES-MaACL _jC-32606 |
||
| 999 |
_c125683 _d125683 |
||